000 01247cac a2200325 i 4500
003 EG-ScBUE
005 20241017110820.0
008 171113t1989 nyua f b 001 0 eng d
020 _a0471098817
020 _a9780471098812
040 _aEG-ScBUE
_beng
_erda
_cEG-ScBUE
_dEG-ScBUE
082 0 4 _a515.352
_bROS
_222
100 1 _aRoss, Shepley L.,
_eauthor.
_96823
245 1 0 _aIntroduction to ordinary differential equations /
_cShepley L. Ross, University of New Hampshire ; with the assistance of Shepley L. Ross, II, Bates College.
250 _aFourth edition.
264 1 _aNew York :
_bJohn Wiley & Sons,
_c[1989]
264 4 _cc1989
300 _axi, 609 pages :
_billustrations ;
_c24 cm
336 _2rdacontent
_atext
_btxt
337 _aunmediated
_2rdamedia
_bn
338 _avolume
_bnc
_2rdacarrier
504 _aIncludes bibliographical references and index.
650 7 _aDifferential equations.
_2BUEsh
_92040
653 _bGGEN
_cNovember2017
655 _vReading book
700 1 _aRoss, Shepley L.,
_d1956-
_eauthor.
856 4 2 _3Publisher description
_uhttp://www.loc.gov/catdir/description/wiley032/88021589.html
856 4 2 _3Table of Contents
_uhttp://www.loc.gov/catdir/toc/onix03/88021589.html
942 _cBB
_2ddc
999 _c1261
_d1261